01098nam a2200265Ia 450000500170000000800410001702000150005804100080007308200180008124501510009925000220025026400530027230000330032533600270035833700330038533800280041849000290044665000570047565000560053265000630058865000590065170000450071070000420075504000350079720220316235250.0121119s2002 ck a gr 100 0 spa  a958200424X0 aspa04a323.352bE73e00aÉtica ciudadana y derechos humanos de los niñosbuna contribución a la pazccompiladores, Héctor Fabio Ospina S., Ana Victoria Alvarado S. aPrimera edición 1aBogotábCooperativa Editorial Magisterioc2002 a283 páginasbilustraciones atextobtxt2rdacontent asin mediaciónbn2rdamedia avolumenbnc2rdacarrier0 aColección Mesa Redonda142LEMBaÉtica ciudadanavEnsayos, conferencias, etc.142LEMBaDerechos humanosvEnsayos, conferencias, etc.142LEMBaEducación para la pazvEnsayos, conferencias, etc.142LEMBaDerechos del niñovEnsayos, conferencias, etc.1 aAlvarado S., Sara Víctoriaecompilador1 aOspina S., Héctor Fabioecompilador aCO-BoRNBPbspaerdacCO-BoRNBP